| 000 | 01492cam a2200409 a 4500 | ||
|---|---|---|---|
| 003 | CHAP | ||
| 005 | 20220329141847.0 | ||
| 008 | 980313d1992 mx a r 00110 spa d | ||
| 010 | _a74927 | ||
| 011 | _a75899 | ||
| 035 | _a85472 | ||
| 040 | _cCHAP | ||
| 090 | _aFolleto 14988 | ||
| 100 | 0 | 0 |
_aTrinidad Hernández, Alfredo. _9115159 |
| 245 | 1 | 0 |
_aCorta de regeneración (árboles padres) en bosques de la zona de Huayacocotla y Zacualpan, Veracruz _c/por Alfredo Trinidad Hernández y Carlos R. Monroy Rivera |
| 260 |
_aHuayacocotla, Ver. : _bINIFAP. Campo Experimental Papantla, _c1992. |
||
| 300 |
_a14 p. : _bilus. |
||
| 410 | 2 | 1 |
_aINIFAP. _bCampo Experimental Papantla |
| 490 | 0 |
_aFolleto técnico _v;7 |
|
| 590 |
_aBATCH-UPD _b10 _c20130110 _lUCH01 _h0151 |
||
| 590 |
_aBATCH-UPD _b10 _c20130110 _lUCH01 _h0824 |
||
| 590 |
_aBATCH-UPD _b10 _c20130409 _lUCH01 _h2151 |
||
| 590 |
_aBATCH-UPD _b10 _c20130410 _lUCH01 _h1011 |
||
| 590 |
_aBATCH-UPD _b10 _c20130914 _lUCH01 _h0719 |
||
| 590 |
_aCONVERSION _b10 _c20130109 _lUCH01 _h1341 |
||
| 650 | 1 | 4 |
_aÁrboles _xRegeneracion. _96642 |
| 650 | 1 | 4 |
_aÁrboles _xVeracruz. _96657 |
| 650 | 1 | 4 |
_aBosques _xRegeneración. _914377 |
| 650 | 1 | 4 |
_aBosques _zVeracruz. _914423 |
| 700 | 0 |
_aMonroy Rivera, Carlos. _977666 |
|
| 810 | 2 | 1 |
_aINIFAP. _bCampo Experimental Papantla _958622 |
| 830 | 0 |
_aFolleto técnico _v;7 _942067 |
|
| 901 | _aBK | ||
| 905 | _aAlejandra Carrasco M. | ||
| 942 | _cFOLL | ||
| 949 |
_aFolleto 14988 _bBC _cFOLL _d854721 _eTS1 _i85472 _sb |
||
| 999 |
_c74927 _d74927 |
||